| 000 | 01737nam a22003134a 4500 | ||
|---|---|---|---|
| 001 | ebr10096079 | ||
| 003 | CaPaEBR | ||
| 006 | m u | ||
| 007 | cr cn||||||||| | ||
| 008 | 040505s2004 ilua s 001 0 eng | ||
| 010 | _z 2004010650 | ||
| 020 | _z1572483849 (pbk. : alk. paper) | ||
| 040 |
_aCaPaEBR _cCaPaEBR |
||
| 035 | _a(OCoLC)56946214 | ||
| 050 | 1 | 4 |
_aHF5429.23 _b.M43 2004eb |
| 082 | 0 | 4 |
_a658.8/708/0681 _222 |
| 100 | 1 | _aMeaney, James A. | |
| 245 | 1 | 0 |
_aHow to buy a franchise _h[electronic resource] / _cby James A Meaney. |
| 250 | _a1st ed. | ||
| 260 |
_aNaperville, Ill. : _bSphinx Pub, _c2004. |
||
| 300 |
_axii, 217 p. : _bill. |
||
| 500 | _aIncludes index. | ||
| 505 | 0 | _aWhy buy a franchise? -- What is a franchise? -- Finding the right franchise for you -- Disclosure laws -- The disclosure statement -- Financial feasibility -- Professional assistance -- Franchise salespeople and brokers -- The background of the franchisor -- Investigating existing franchisees -- Earning claims -- Understanding and negotiating the franchise agreement -- Your relationship with the franchisor -- Franchisee input and franchisee associations -- Conclusion -- Appendix A: Uniform franchise offering circular (sample) -- Appendix B: Franchise agreement (sample) -- Appendix C: State filing requirements. | |
| 533 |
_aElectronic reproduction. _bPalo Alto, Calif. : _cebrary, _d2013. _nAvailable via World Wide Web. _nAccess may be limited to ebrary affiliated libraries. |
||
| 650 | 0 | _aFranchises (Retail trade) | |
| 655 | 7 |
_aElectronic books. _2local |
|
| 710 | 2 | _aebrary, Inc. | |
| 856 | 4 | 0 |
_uhttp://site.ebrary.com/lib/rucke/Doc?id=10096079 _zAn electronic book accessible through the World Wide Web; click to view |
| 999 |
_c98055 _d98055 |
||